[Event "North Bay int."]
[Site "North Bay CAN"]
[Date "1996.08.08"]
[Round "3"]
[White "Gonzales, Jorge A"]
[Black "Lesiege, Alexandre"]
[Result "1/2-1/2"]
[WhiteElo "2532"]
[BlackElo "2567"]
[WhiteFideId "-1"]
[WhiteFideId "-1"]
[PlyCount "51"]
[GameId "2160767912033216"]
[EventDate "1996.08.07"]
[EventType "swiss"]
[EventRounds "9"]
[EventCountry "CAN"]

1. d4 Nf6 2. c4 e6 3. Nf3 d5 4. Nc3 c6 5. Bg5 Nbd7 6. e3 Qa5 7. Nd2 Bb4 8. Qc2 dxc4 9. Bxf6 Nxf6 10. Nxc4 Qc7 11. a3 Be7 12. b4 O-O 13. Bd3 Rd8 14. O-O Bd7 15. h3 Be8 16. Rac1 Rac8 17. Rfd1 g6 18. Be2 b6 19. e4 b5 20. Na5 e5 21. Nxb5 Qb6 22. Nc3 exd4 23. Na4 Qb8 24. Ba6 Rc7 25. Nb3 Rcd7 26. Na5 1/2-1/2

[Event "North Bay int."]
[Site "North Bay CAN"]
[Date "1996.08.09"]
[Round "4"]
[White "Lesiege, Alexandre"]
[Black "Wen, Jean-Francois"]
[Result "1-0"]
[WhiteElo "2567"]
[BlackElo "2214"]
[WhiteFideId "-1"]
[WhiteFideId "-1"]
[PlyCount "71"]
[GameId "2160767912033258"]
[EventDate "1996.08.07"]
[EventType "swiss"]
[EventRounds "9"]
[EventCountry "CAN"]

1. d4 d5 2. c4 c6 3. Nf3 Nf6 4. Nc3 dxc4 5. a4 Bf5 6. e3 e6 7. Bxc4 Bb4 8. O-O Nbd7 9. Qe2 Bg6 10. e4 O-O 11. Bd3 Bh5 12. Bf4 Re8 13. e5 Nd5 14. Nxd5 cxd5 15. Qe3 Be7 16. Ng5 Bg6 17. Bxg6 hxg6 18. Rfc1 Rc8 19. Rxc8 Qxc8 20. Rc1 Qd8 21. h4 Nb8 22. g4 Nc6 23. h5 gxh5 24. gxh5 Qb6 25. Rd1 Qxb2 26. Qd3 Bxg5 27. Bxg5 Kh8 28. h6 Rg8 29. Qh3 f6 30. hxg7+ Kxg7 31. Qh6+ Kf7 32. Qxf6+ Ke8 33. Qxe6+ Kf8 34. Qf6+ Ke8 35. e6 Rxg5+ 36. Qxg5 1-0

[Event "North Bay int."]
[Site "North Bay CAN"]
[Date "1996.08.09"]
[Round "5"]
[White "Lesiege, Alexandre"]
[Black "Olszewski, Piotr"]
[Result "1-0"]
[WhiteElo "2567"]
[BlackElo "2276"]
[WhiteFideId "-1"]
[WhiteFideId "-1"]
[PlyCount "71"]
[GameId "2160767912033293"]
[EventDate "1996.08.07"]
[EventType "swiss"]
[EventRounds "9"]
[EventCountry "CAN"]

1. d4 Nf6 2. c4 e6 3. Nc3 d5 4. Bg5 Nbd7 5. e3 c6 6. Nf3 Be7 7. Rc1 O-O 8. Bd3 dxc4 9. Bxc4 b5 10. Bd3 Bb7 11. O-O h6 12. Bxf6 Nxf6 13. Ne4 Nd7 14. a3 a5 15. Qc2 Rc8 16. Rfd1 Qb6 17. Nc5 Nxc5 18. dxc5 Qc7 19. b4 a4 20. Be2 Rcd8 21. Qe4 Bf6 22. g4 Rxd1+ 23. Rxd1 Rd8 24. h4 Rxd1+ 25. Bxd1 Qd8 26. Bc2 Kf8 27. Qf4 Ke7 28. g5 hxg5 29. hxg5 Bb2 30. Be4 g6 31. Kg2 Qd7 32. Qb8 Qc8 33. Qd6+ Ke8 34. Ne5 Bxe5 35. Qxe5 Kd7 36. Qg7 1-0

[Event "North Bay int."]
[Site "North Bay CAN"]
[Date "1996.08.10"]
[Round "6"]
[White "Castaneda, Nelson"]
[Black "Lesiege, Alexandre"]
[Result "1-0"]
[WhiteElo "2272"]
[BlackElo "2567"]
[WhiteFideId "-1"]
[WhiteFideId "-1"]
[PlyCount "99"]
[GameId "2160767912033311"]
[EventDate "1996.08.07"]
[EventType "swiss"]
[EventRounds "9"]
[EventCountry "CAN"]

1. e4 c6 2. d4 d5 3. e5 Bf5 4. Nf3 e6 5. Be2 c5 6. O-O Nc6 7. c3 Bg4 8. Nbd2 cxd4 9. Nxd4 Bxe2 10. Qxe2 Nxd4 11. cxd4 Ne7 12. Nb3 Nc6 13. Be3 Be7 14. Qg4 g6 15. Bh6 Bf8 16. Bxf8 Kxf8 17. Rac1 Kg7 18. Rc3 Qe7 19. Rf3 Rac8 20. Rf6 Nb8 21. Nc5 h5 22. Qg5 Kh7 23. f4 Rxc5 24. f5 exf5 25. e6 Rc7 26. Rxf7+ Qxf7 27. exf7 Rxf7 28. Re1 Nc6 29. Re6 Rg8 30. Qe3 Rgg7 31. h3 Re7 32. Kf2 f4 33. Qe1 f3 34. Kg1 Rgf7 35. gxf3 Kg7 36. Kg2 Rxe6 37. Qxe6 Rxf3 38. Qxd5 Rf7 39. Qd6 a6 40. d5 Ne7 41. Qe5+ Kh7 42. Qc7 Kg7 43. Qxb7 Nf5 44. Qxa6 Ne3+ 45. Kg1 Nxd5 46. a4 Kh6 47. Qe6 Rf5 48. h4 Nf4 49. Qc8 Kg7 50. a5 1-0

[Event "North Bay int."]
[Site "North Bay CAN"]
[Date "1996.08.10"]
[Round "7"]
[White "Lesiege, Alexandre"]
[Black "Jung, Hans"]
[Result "1-0"]
[WhiteElo "2567"]
[BlackElo "2327"]
[WhiteFideId "-1"]
[WhiteFideId "-1"]
[PlyCount "63"]
[GameId "2160767912033364"]
[EventDate "1996.08.07"]
[EventType "swiss"]
[EventRounds "9"]
[EventCountry "CAN"]

1. d4 d5 2. c4 Nc6 3. Nc3 dxc4 4. Nf3 Bg4 5. d5 Bxf3 6. exf3 Nb8 7. Bxc4 a6 8. O-O g6 9. d6 e6 10. Qd4 Qf6 11. dxc7 Nd7 12. Be3 Rc8 13. Qe4 Nc5 14. Bxc5 Bxc5 15. Qxb7 Ne7 16. Bb5+ axb5 17. Qxb5+ Kf8 18. Qxc5 Qf5 19. Qxf5 gxf5 20. Nb5 Nd5 21. Rac1 Ke7 22. a4 Kd7 23. Rfd1 Ra8 24. b3 Ra6 25. g3 Kc8 26. f4 Kb7 27. Kg2 Rc8 28. Kf3 h5 29. h4 Rca8 30. Rc5 Rc6 31. Rxc6 Kxc6 32. c8=Q+ 1-0

[Event "North Bay int."]
[Site "North Bay CAN"]
[Date "1996.08.11"]
[Round "8"]
[White "Lesiege, Alexandre"]
[Black "Moussa, Alaa Eddine"]
[Result "1-0"]
[WhiteElo "2567"]
[BlackElo "2219"]
[WhiteFideId "-1"]
[WhiteFideId "-1"]
[PlyCount "85"]
[GameId "2160767912033405"]
[EventDate "1996.08.07"]
[EventType "swiss"]
[EventRounds "9"]
[EventCountry "CAN"]

1. d4 Nf6 2. c4 e6 3. Nc3 Bb4 4. g3 c5 5. Nf3 Ne4 6. Qd3 Qa5 7. Qxe4 Bxc3+ 8. Bd2 Bxd2+ 9. Nxd2 cxd4 10. Qxd4 O-O 11. Bg2 Nc6 12. Qe3 d5 13. O-O d4 14. Qd3 Rd8 15. a3 Ne5 16. Qc2 Qc7 17. h3 Rb8 18. f4 Ng6 19. Qd3 Ne7 20. g4 Ng6 21. Qg3 Bd7 22. Be4 Bc6 23. Bd3 Re8 24. b4 b6 25. Rf2 e5 26. f5 Nf4 27. Raf1 f6 28. h4 Qe7 29. Kh2 h6 30. Rg1 a5 31. Be4 Qb7 32. Qf3 Bxe4 33. Nxe4 Qd7 34. Rg3 Rbd8 35. Rf1 Qa4 36. g5 hxg5 37. hxg5 Kf7 38. c5 Rh8+ 39. Kg1 d3 40. Nd6+ Rxd6 41. cxd6 Nxe2+ 42. Kf2 Nxg3 43. Qb7+ 1-0

[Event "North Bay int."]
[Site "North Bay CAN"]
[Date "1996.08.11"]
[Round "9"]
[White "Lindsay, Fred"]
[Black "Lesiege, Alexandre"]
[Result "0-1"]
[WhiteElo "2316"]
[BlackElo "2567"]
[WhiteFideId "-1"]
[WhiteFideId "-1"]
[PlyCount "40"]
[GameId "2160767912041633"]
[EventDate "1996.08.07"]
[EventType "swiss"]
[EventRounds "9"]
[EventCountry "CAN"]

1. d4 Nf6 2. c4 g6 3. Nc3 Bg7 4. e4 d6 5. Nf3 O-O 6. Be2 Bg4 7. Be3 Nfd7 8. Ng1 Bxe2 9. Ngxe2 Nc6 10. O-O e5 11. Qd2 exd4 12. Nxd4 Nde5 13. Nxc6 bxc6 14. Qe2 f5 15. exf5 gxf5 16. f3 Qh4 17. b3 Rae8 18. Rac1 Nd3 19. Qxd3 Rxe3 20. Qd2 Rxc3 0-1

[Event "Quebec op"]
[Site "Montreal CAN"]
[Date "1996.07.28"]
[Round "2"]
[White "Ibrahim, Anthony"]
[Black "Lesiege, Alexandre"]
[Result "0-1"]
[WhiteElo "2070"]
[BlackElo "2507"]
[WhiteFideId "-1"]
[WhiteFideId "-1"]
[PlyCount "64"]
[GameId "2160767912041694"]
[EventDate "1996.07.27"]
[EventType "swiss"]
[EventRounds "9"]
[EventCountry "CAN"]

1. e4 c6 2. Nf3 d5 3. Nc3 Bg4 4. exd5 cxd5 5. d4 Nc6 6. Bb5 e6 7. O-O Bd6 8. Re1 Nge7 9. Bg5 O-O 10. Bxe7 Bxe7 11. Be2 Bxf3 12. Bxf3 Bf6 13. Ne2 Qb6 14. c3 Qxb2 15. Qd3 Qa3 16. g3 Rac8 17. Qe3 Rc7 18. g4 h6 19. Bg2 Rfc8 20. f4 Nxd4 21. Nxd4 Rxc3 22. Qf2 Rd3 23. Nb5 Qa5 24. Rab1 Rd2 25. Re2 Rcc2 26. Rxd2 Rxd2 27. Qg3 Qxa2 28. Rf1 Bh4 29. Qf3 Qb2 30. Nc3 Qc2 31. Nb1 Rd3 32. Na3 Qc5+ 0-1

[Event "Quebec op"]
[Site "Montreal CAN"]
[Date "1996.07.28"]
[Round "3"]
[White "Lesiege, Alexandre"]
[Black "Zugic, Igor"]
[Result "1/2-1/2"]
[WhiteElo "2507"]
[BlackElo "2256"]
[WhiteFideId "-1"]
[WhiteFideId "-1"]
[PlyCount "127"]
[GameId "2160767912041705"]
[EventDate "1996.07.27"]
[EventType "swiss"]
[EventRounds "9"]
[EventCountry "CAN"]

1. d4 Nf6 2. c4 g6 3. Nc3 d5 4. Nf3 Bg7 5. Bg5 Ne4 6. cxd5 Nxg5 7. Nxg5 e6 8. Qd2 exd5 9. Qe3+ Kf8 10. Qf4 Bf6 11. h4 h6 12. Nf3 Kg7 13. e3 c6 14. Bd3 Be6 15. Qg3 Nd7 16. Ne2 h5 17. Nf4 Nf8 18. Ng5 Bxg5 19. hxg5 Qe7 20. O-O-O b6 21. Bc2 Rd8 22. Rh4 Bg4 23. Re1 Qd6 24. f3 Bc8 25. e4 dxe4 26. fxe4 Bg4 27. d5 cxd5 28. exd5 Qc5 29. Qc3+ Qxc3 30. bxc3 Nd7 31. Re7 Rhe8 32. Nxg6 Rxe7 33. Nxe7 Ne5 34. Be4 Kf8 35. Nc6 Nxc6 36. dxc6 Ke7 37. Bf3 Bxf3 38. gxf3 Rc8 39. Re4+ Kf8 40. Rc4 b5 41. Rh4 Rxc6 42. Kb2 Rc4 43. Rxh5 b4 44. cxb4 Rxb4+ 45. Kc3 Ra4 46. Rh6 Rxa2 47. Kd4 Kg7 48. f4 Ra1 49. Ke4 a5 50. Ra6 a4 51. Kf5 a3 52. Ra7 Rb1 53. Rxa3 Rb7 54. Ra6 Rc7 55. Kg4 Rb7 56. f5 Rb1 57. Ra8 Rg1+ 58. Kf4 Rf1+ 59. Ke5 Re1+ 60. Kd5 Rd1+ 61. Ke4 Re1+ 62. Kd4 Rd1+ 63. Ke3 Re1+ 64. Kd4 1/2-1/2

[Event "Quebec op"]
[Site "Montreal CAN"]
[Date "1996.07.29"]
[Round "4"]
[White "Djerkovic, Miladin"]
[Black "Lesiege, Alexandre"]
[Result "0-1"]
[WhiteElo "2239"]
[BlackElo "2507"]
[WhiteFideId "-1"]
[WhiteFideId "-1"]
[PlyCount "66"]
[GameId "2160767912041715"]
[EventDate "1996.07.27"]
[EventType "swiss"]
[EventRounds "9"]
[EventCountry "CAN"]

1. e4 c5 2. Nf3 d6 3. d4 cxd4 4. Nxd4 Nf6 5. Nc3 a6 6. Be2 e6 7. f4 Be7 8. O-O O-O 9. Be3 Nc6 10. Qe1 Nxd4 11. Bxd4 b5 12. a3 Bb7 13. Qg3 Bc6 14. Bd3 Qd7 15. Rae1 Rae8 16. Bxf6 Bxf6 17. e5 Be7 18. Ne4 Bxe4 19. Rxe4 Rc8 20. Kh1 Rc5 21. Rd4 f5 22. exf6 Bxf6 23. Re4 Bxb2 24. Qh3 Rf6 25. Rfe1 Rh6 26. Qg4 Rch5 27. h3 Rh4 28. Qf3 d5 29. Rb4 Bf6 30. Kh2 Be7 31. f5 Bxb4 32. axb4 Qd6+ 33. Kh1 e5 0-1

[Event "Quebec op"]
[Site "Montreal CAN"]
[Date "1996.07.30"]
[Round "5"]
[White "Lesiege, Alexandre"]
[Black "Taylor, Gordon"]
[Result "1/2-1/2"]
[WhiteElo "2507"]
[BlackElo "2316"]
[WhiteFideId "-1"]
[WhiteFideId "-1"]
[PlyCount "84"]
[GameId "2160767912041728"]
[EventDate "1996.07.27"]
[EventType "swiss"]
[EventRounds "9"]
[EventCountry "CAN"]

1. d4 Nf6 2. c4 e6 3. Nc3 Bb4 4. e3 c5 5. Bd3 O-O 6. Nf3 d5 7. O-O cxd4 8. exd4 dxc4 9. Bxc4 b6 10. Ne5 Bb7 11. Bg5 Nbd7 12. Nxd7 Qxd7 13. Bxf6 gxf6 14. d5 Bxc3 15. bxc3 Rac8 16. Qg4+ Kh8 17. Rad1 Rg8 18. Qh4 exd5 19. Bd3 Rg7 20. Rfe1 d4 21. Be4 Bxe4 22. Qxe4 Rg4 23. Qf3 Rg6 24. cxd4 Qd6 25. Re4 Kg7 26. h4 Qd5 27. h5 Rg5 28. h6+ Kg6 29. g3 Re8 30. Rde1 f5 31. Re6+ fxe6 32. Qxd5 exd5 33. Rxe8 Rg4 34. Re7 Rxd4 35. Rxa7 Kxh6 36. Rb7 Rb4 37. Rd7 d4 38. Kg2 Kg6 39. a3 Ra4 40. Rd6+ Kf7 41. Rxb6 Rxa3 42. Rd6 Ra5 1/2-1/2

[Event "Quebec op"]
[Site "Montreal CAN"]
[Date "1996.08.01"]
[Round "7"]
[White "Lesiege, Alexandre"]
[Black "Hergott, Deen"]
[Result "1-0"]
[WhiteElo "2507"]
[BlackElo "2390"]
[WhiteFideId "-1"]
[WhiteFideId "-1"]
[PlyCount "42"]
[GameId "2160767912041745"]
[EventDate "1996.07.27"]
[EventType "swiss"]
[EventRounds "9"]
[EventCountry "CAN"]

1. d4 e6 2. c4 b6 3. Nc3 Bb4 4. e4 Bb7 5. e5 Ne7 6. Nf3 c5 7. a3 Ba5 8. Be2 cxd4 9. Nxd4 Bxc3+ 10. bxc3 Ng6 11. Nb5 O-O 12. Nd6 Qc7 13. h4 Nxe5 14. h5 f6 15. Bf4 Na6 16. h6 g6 17. Qd4 Nc5 18. Rd1 Bxg2 19. Bxe5 Bxh1 20. Bxf6 Qxd6 21. Qxd6 Rxf6 1-0

[Event "Quebec op"]
[Site "Montreal CAN"]
[Date "1996.08.02"]
[Round "8"]
[White "Wojtkiewicz, Aleksander"]
[Black "Lesiege, Alexandre"]
[Result "1/2-1/2"]
[WhiteElo "2550"]
[BlackElo "2507"]
[WhiteFideId "-1"]
[WhiteFideId "-1"]
[PlyCount "47"]
[GameId "2160767912041757"]
[EventDate "1996.07.27"]
[EventType "swiss"]
[EventRounds "9"]
[EventCountry "CAN"]

1. Nf3 d5 2. d4 Nf6 3. c4 dxc4 4. e3 e6 5. Bxc4 c5 6. Qe2 a6 7. dxc5 Bxc5 8. O-O Nc6 9. Nbd2 O-O 10. Bd3 Nb4 11. Bb1 Bd7 12. Nc4 Bb5 13. b3 Qd5 14. Bb2 Qh5 15. a3 Nbd5 16. Bd3 Rfd8 17. h3 Be7 18. Rac1 Nb6 19. Rfd1 Nxc4 20. Bxc4 Rxd1+ 21. Rxd1 h6 22. Rc1 Ne4 23. Bxb5 Qxb5 24. Qc2 1/2-1/2

[Event "Quebec op"]
[Site "Montreal CAN"]
[Date "1996.08.03"]
[Round "9"]
[White "Lesiege, Alexandre"]
[Black "Spraggett, Kevin"]
[Result "1/2-1/2"]
[WhiteElo "2507"]
[BlackElo "2584"]
[WhiteFideId "-1"]
[WhiteFideId "-1"]
[PlyCount "53"]
[GameId "2160767912041762"]
[EventDate "1996.07.27"]
[EventType "swiss"]
[EventRounds "9"]
[EventCountry "CAN"]

1. d4 Nf6 2. c4 d6 3. Nc3 Nbd7 4. Nf3 c6 5. Bg5 h6 6. Bh4 g5 7. Bg3 Nh5 8. e3 Bg7 9. Be2 Nxg3 10. hxg3 e6 11. Qc2 Qe7 12. O-O-O a6 13. Nd2 b6 14. f4 Bb7 15. Bf3 O-O-O 16. Rhe1 Kb8 17. Kb1 Rc8 18. Qd3 h5 19. Rc1 Ka7 20. fxg5 Qxg5 21. Ka1 d5 22. e4 Bh6 23. Rcd1 Rhe8 24. Rh1 Qxg3 25. cxd5 cxd5 26. exd5 exd5 27. Rxh5 1/2-1/2

[Event "Quebec-ch"]
[Site "Montreal CAN"]
[Date "1996.06.03"]
[Round "1"]
[White "Lesiege, Alexandre"]
[Black "Leveille, Francois"]
[Result "1-0"]
[WhiteElo "2480"]
[BlackElo "2365"]
[WhiteFideId "-1"]
[WhiteFideId "-1"]
[PlyCount "107"]
[GameId "2160767912050160"]
[EventDate "1996.06.03"]
[EventType "tourn"]
[EventRounds "9"]
[EventCountry "CAN"]
[EventCategory "3"]

1. e4 c5 2. Nc3 Nc6 3. g3 g6 4. Bg2 Bg7 5. d3 d6 6. f4 e6 7. Nf3 Nge7 8. O-O O-O 9. Be3 Nd4 10. e5 Nef5 11. Bf2 Bd7 12. exd6 Bc6 13. Ne4 b6 14. Ne5 Bb7 15. c3 Nb5 16. Nf6+ Bxf6 17. Bxb7 Rb8 18. Bc6 Nbxd6 19. Nd7 Rc8 20. Qf3 Re8 21. Nxf6+ Qxf6 22. Bxe8 Rxe8 23. a4 Ne7 24. a5 Nd5 25. axb6 axb6 26. Ra6 Rb8 27. Rfa1 Qd8 28. c4 Nc7 29. Ra7 Nde8 30. Qc6 b5 31. cxb5 Rxb5 32. Ra8 Rb8 33. Rxb8 Qxb8 34. Qxc5 Qxb2 35. Bd4 Qd2 36. Qe5 Kf8 37. Qh8+ Ke7 38. Bc5+ Kd7 39. Qd4+ Kc8 40. Bb6 h5 41. Qe3 Qb2 42. Rc1 Qb5 43. Bxc7 Nxc7 44. Qa7 Qb7 45. Qc5 Kd7 46. Qf8 f5 47. Qg7+ Kd6 48. Qd4+ Nd5 49. Qc5+ Kd7 50. Ra1 Nc7 51. Ra7 Qb1+ 52. Kg2 Qb2+ 53. Kh3 Qb8 54. Rxc7+ 1-0

[Event "Quebec-ch"]
[Site "Montreal CAN"]
[Date "1996.06.04"]
[Round "2"]
[White "Moussa, Alaa Eddine"]
[Black "Lesiege, Alexandre"]
[Result "0-1"]
[WhiteElo "2205"]
[BlackElo "2480"]
[WhiteFideId "-1"]
[WhiteFideId "-1"]
[PlyCount "75"]
[GameId "2160767912050167"]
[EventDate "1996.06.03"]
[EventType "tourn"]
[EventRounds "9"]
[EventCountry "CAN"]
[EventCategory "3"]

1. d4 Nf6 2. c4 g6 3. Nc3 Bg7 4. e4 d6 5. Be2 O-O 6. Bg5 Nbd7 7. Qd2 e5 8. d5 Nc5 9. f3 h6 10. Be3 a5 11. g4 h5 12. h3 Nh7 13. O-O-O h4 14. Rh2 Bf6 15. Rf1 Bd7 16. Kb1 Bg5 17. f4 exf4 18. Bxf4 Qe7 19. Bd3 a4 20. Bc2 Rab8 21. Nf3 Bxf4 22. Qxf4 b5 23. cxb5 Bxb5 24. Nxb5 Rxb5 25. Nd4 Rb6 26. Nc6 Qg5 27. Qf3 Qh6 28. Rhf2 Qg7 29. e5 Nd7 30. Bxa4 Nxe5 31. Nxe5 Qxe5 32. Re2 Qd4 33. Bb3 Ng5 34. Qe3 Rb4 35. Rd1 Qe4+ 36. Qxe4 Rxe4 37. Rxe4 Nxe4 38. Re1 0-1

[Event "Quebec-ch"]
[Site "Montreal CAN"]
[Date "1996.06.05"]
[Round "3"]
[White "Lesiege, Alexandre"]
[Black "Girard, Robin"]
[Result "1-0"]
[WhiteElo "2480"]
[BlackElo "2262"]
[WhiteFideId "-1"]
[WhiteFideId "-1"]
[PlyCount "133"]
[GameId "2160767912050169"]
[EventDate "1996.06.03"]
[EventType "tourn"]
[EventRounds "9"]
[EventCountry "CAN"]
[EventCategory "3"]

1. e4 c5 2. Nf3 d6 3. d4 Nf6 4. Nc3 cxd4 5. Nxd4 a6 6. Be2 e5 7. Nb3 Be7 8. O-O O-O 9. a4 Be6 10. f4 exf4 11. Bxf4 Nc6 12. Kh1 d5 13. e5 Nd7 14. Nxd5 Ndxe5 15. c4 Bg5 16. Nc5 Bxf4 17. Rxf4 b6 18. Ne4 Ng6 19. Rf1 Ra7 20. Qd2 Qh4 21. Qe3 Bxd5 22. cxd5 Nb4 23. Qxb6 Re7 24. Qxb4 Rxe4 25. Qd2 Rxa4 26. Rad1 Rd8 27. d6 Qb4 28. Qd5 Nf4 29. Qe5 Qe4 30. Qxe4 Rxe4 31. Bxa6 Rb4 32. Rd2 Ne6 33. Rfd1 Rb6 34. Bc4 Nc5 35. Re1 Rb7 36. Re5 Ne6 37. Bxe6 fxe6 38. Rxe6 Kf7 39. Re4 Rdd7 40. Rf2+ Kg6 41. Rg4+ Kh5 42. Rd4 Rb6 43. Rfd2 Kg5 44. Kg1 Kf5 45. Kf2 Ke5 46. Ke2 Ke6 47. Kd1 Kf7 48. Kc2 Ke8 49. b4 Rf7 50. d7+ Kd8 51. Kb3 Rb7 52. Rc4 Rbxd7 53. Rxd7+ Kxd7 54. Rc2 Rf1 55. Ka4 Ra1+ 56. Kb5 Ra8 57. Rc4 h5 58. Kb6 Ra4 59. Rc7+ Kd6 60. b5 g5 61. Rc2 Kd7 62. Kb7 Kd8 63. b6 h4 64. Kb8 g4 65. b7 g3 66. hxg3 hxg3 67. Rc3 1-0

[Event "Quebec-ch"]
[Site "Montreal CAN"]
[Date "1996.05.05"]
[Round "4"]
[White "Hebert, Jean"]
[Black "Lesiege, Alexandre"]
[Result "0-1"]
[WhiteElo "2435"]
[BlackElo "2480"]
[WhiteFideId "-1"]
[WhiteFideId "-1"]
[PlyCount "84"]
[GameId "2160767912050174"]
[EventDate "1996.06.03"]
[EventType "tourn"]
[EventRounds "9"]
[EventCountry "CAN"]
[EventCategory "3"]

1. e4 c6 2. d4 d5 3. e5 Bf5 4. Nf3 e6 5. Be2 c5 6. Be3 Nd7 7. c4 cxd4 8. Bxd4 dxc4 9. Bxc4 Bxb1 10. Rxb1 Bb4+ 11. Ke2 Ne7 12. a3 Bc5 13. Bxc5 Nxc5 14. Bb5+ Nd7 15. Qd6 a6 16. Bd3 Nc6 17. Be4 Ndxe5 18. Qxd8+ Kxd8 19. Nxe5 Nxe5 20. Rbc1 Ra7 21. Rhd1+ Nd7 22. a4 b6 23. b4 Ke7 24. Rc6 Rb8 25. f4 a5 26. b5 Nc5 27. Bc2 Rd7 28. Rxd7+ Nxd7 29. Rc7 Kd8 30. Ra7 Rc8 31. Bxh7 Rc4 32. Kf3 f5 33. Bg8 Ke7 34. g4 fxg4+ 35. Kxg4 Rxa4 36. h4 Rb4 37. Kg5 Rxb5+ 38. Kg6 Rb1 39. h5 Rg1+ 40. Kh7 Kd6 41. Bf7 Nf6+ 42. Kh8 Nxh5 0-1

[Event "Quebec-ch"]
[Site "Montreal CAN"]
[Date "1996.06.07"]
[Round "5"]
[White "Lesiege, Alexandre"]
[Black "Filion, Charles"]
[Result "1/2-1/2"]
[WhiteElo "2480"]
[BlackElo "2097"]
[WhiteFideId "-1"]
[WhiteFideId "-1"]
[PlyCount "76"]
[GameId "2160767912050179"]
[EventDate "1996.06.03"]
[EventType "tourn"]
[EventRounds "9"]
[EventCountry "CAN"]
[EventCategory "3"]

1. d4 Nf6 2. c4 g6 3. Nf3 Bg7 4. g3 O-O 5. Bg2 d6 6. O-O Nc6 7. d5 Na5 8. Nfd2 c5 9. Nc3 a6 10. Qc2 Rb8 11. b3 b5 12. Bb2 e5 13. dxe6 fxe6 14. cxb5 axb5 15. Nce4 Nxe4 16. Nxe4 Bxb2 17. Qxb2 Bb7 18. Rad1 Bxe4 19. Bxe4 d5 20. Bg2 Nc6 21. e4 d4 22. Qc2 Qb6 23. Rc1 Nb4 24. Qd2 Ra8 25. Qg5 Nd3 26. Rc2 c4 27. bxc4 bxc4 28. Rxc4 Rxa2 29. Qe7 Ra7 30. Rc6 Qxc6 31. Qxa7 e5 32. Bh3 Qxe4 33. Bg2 Qe2 34. Bd5+ Kh8 35. Qe7 Rxf2 36. Qe8+ Kg7 37. Qe7+ Kh8 38. Qe8+ Kg7 1/2-1/2

[Event "Quebec-ch"]
[Site "Montreal CAN"]
[Date "1996.06.09"]
[Round "6"]
[White "Schleifer, Michael"]
[Black "Lesiege, Alexandre"]
[Result "0-1"]
[WhiteElo "2270"]
[BlackElo "2480"]
[WhiteFideId "-1"]
[WhiteFideId "-1"]
[PlyCount "60"]
[GameId "2160767912050188"]
[EventDate "1996.06.03"]
[EventType "tourn"]
[EventRounds "9"]
[EventCountry "CAN"]
[EventCategory "3"]

1. e4 c5 2. Nc3 Nc6 3. f4 e6 4. Nf3 d5 5. Bb5 Nf6 6. e5 Nd7 7. d4 a6 8. Bxc6 bxc6 9. Ne2 cxd4 10. Nexd4 c5 11. Ne2 Be7 12. O-O Bb7 13. f5 exf5 14. Ng3 g6 15. Bh6 Nf8 16. c3 Ne6 17. Qc2 Qb6 18. Kh1 O-O-O 19. b4 cxb4 20. cxb4+ Kb8 21. Rab1 d4 22. Qf2 f4 23. Ne2 g5 24. Rfd1 Rhg8 25. a4 Rg6 26. a5 Qa7 27. Nfxd4 Rxh6 28. b5 axb5 29. a6 Nxd4 30. Nxd4 Rxa6 0-1

[Event "Quebec-ch"]
[Site "Montreal CAN"]
[Date "1996.06.10"]
[Round "7"]
[White "Lesiege, Alexandre"]
[Black "Ross, Dave"]
[Result "1-0"]
[WhiteElo "2480"]
[BlackElo "2355"]
[WhiteFideId "-1"]
[WhiteFideId "-1"]
[PlyCount "73"]
[GameId "2160767912050190"]
[EventDate "1996.06.03"]
[EventType "tourn"]
[EventRounds "9"]
[EventCountry "CAN"]
[EventCategory "3"]

1. d4 Nf6 2. c4 g6 3. Nc3 Bg7 4. e4 d6 5. Nf3 O-O 6. Be2 c5 7. O-O cxd4 8. Nxd4 Nc6 9. Be3 Bd7 10. Qd2 Nxd4 11. Bxd4 Bc6 12. f3 a5 13. b3 Nd7 14. Be3 Nc5 15. Rab1 Qb6 16. Rfc1 Rfc8 17. Rc2 Qb4 18. Qc1 Qb6 19. a3 Qd8 20. Qd2 e5 21. Bf1 Ne6 22. Rd1 Nc5 23. Rb2 Ne6 24. Qf2 Qf8 25. Rbd2 Rd8 26. g3 Bh6 27. f4 exf4 28. gxf4 Nc5 29. e5 Nxb3 30. Rxd6 Rxd6 31. Rxd6 Rd8 32. c5 Rxd6 33. cxd6 Qc8 34. Qh4 Bf8 35. Bh3 Qe8 36. Nd5 Bxd5 37. d7 1-0

[Event "Quebec-ch"]
[Site "Montreal CAN"]
[Date "1996.06.11"]
[Round "8"]
[White "Linskiy, Oleg"]
[Black "Lesiege, Alexandre"]
[Result "0-1"]
[WhiteElo "2315"]
[BlackElo "2480"]
[WhiteFideId "-1"]
[WhiteFideId "-1"]
[PlyCount "126"]
[GameId "2160767912050195"]
[EventDate "1996.06.03"]
[EventType "tourn"]
[EventRounds "9"]
[EventCountry "CAN"]
[EventCategory "3"]

1. e4 e5 2. Nf3 Nc6 3. Bb5 a6 4. Ba4 Nf6 5. O-O Be7 6. Re1 b5 7. Bb3 d6 8. c3 O-O 9. h3 h6 10. d4 Re8 11. Nbd2 Bf8 12. Bc2 Bd7 13. Nf1 Qb8 14. Ng3 g6 15. Be3 Bg7 16. Qd2 Kh7 17. Rad1 b4 18. c4 exd4 19. Nxd4 Qb7 20. f4 Rad8 21. Qf2 Qa8 22. Nxc6 Bxc6 23. Bd4 Nd7 24. e5 dxe5 25. fxe5 Nxe5 26. Nf5 Bxg2 27. Bxe5 Rxd1 28. Rxd1 Rxe5 29. Nxg7 Bxh3 30. Nh5 Rg5+ 31. Ng3 Be6 32. Rd4 Qh8 33. Kh2 Qe5 34. Re4 Qd6 35. c5 Qxc5 36. Qxc5 Rxc5 37. Bd3 a5 38. b3 Rc3 39. Rd4 c5 40. Rd6 c4 41. Bxc4 Bxc4 42. bxc4 Rxc4 43. Rd2 a4 44. Rb2 a3 45. Rf2 f5 46. Nf1 Rc1 47. Ne3 Ra1 48. Kg3 b3 49. axb3 Rb1 50. Nd5 g5 51. b4 Rb3+ 52. Kg2 Kg7 53. Rc2 Rb2 54. Rxb2 axb2 55. Nc3 Kf7 56. b5 Ke7 57. b6 Kd7 58. Nb1 Kc6 59. Na3 h5 60. Kg3 h4+ 61. Kh3 f4 62. Kg4 Kb7 63. Nc4 b1=Q 0-1

[Event "Quebec-ch"]
[Site "Montreal CAN"]
[Date "1996.06.12"]
[Round "9"]
[White "Lesiege, Alexandre"]
[Black "O'Donnell, Tom"]
[Result "1/2-1/2"]
[WhiteElo "2480"]
[BlackElo "2365"]
[WhiteFideId "-1"]
[WhiteFideId "-1"]
[PlyCount "41"]
[GameId "2160767912050201"]
[EventDate "1996.06.03"]
[EventType "tourn"]
[EventRounds "9"]
[EventCountry "CAN"]
[EventCategory "3"]

1. e4 e6 2. d4 d5 3. Nd2 dxe4 4. Nxe4 Nd7 5. Nf3 Ngf6 6. Nxf6+ Nxf6 7. Bg5 Be7 8. Bd3 h6 9. Bh4 c6 10. O-O b6 11. Qe2 Bb7 12. Rfe1 Nh5 13. Ne5 Nf4 14. Qf3 Bxh4 15. Qxf4 Qf6 16. Qe3 Qe7 17. Qf3 Qf6 18. Be4 Qxf3 19. Bxf3 Rc8 20. a4 Bf6 21. a5 1/2-1/2